000 00647nam a2200241Ia 4500
005 20250425162632.0
008 250425s9999 xx 000 0 und d
020 _a9978862862
041 _aspa
043 _aec
082 _a341.02636
100 _aCORPORACION, DE ESTUDIOS Y PUBLICACIONES
245 0 _aCODIGO DEL TRABAJO
250 _a1A ED.
260 _aEcuador
_bCORPORACION DE ESTUDIOS Y PUBLICACIONES
_c2014
260 _aQUITO
_bCORPORACION DE ESTUDIOS Y PUBLICACIONES
300 _a158
650 _aECUADOR
650 _aTRABAJO
710 _aCORPORACION DE ESTUDIOS Y PUBLICACIONES
942 _c01
010 _a92020
999 _c233329
_d233329